100 Biggest Cities in Turkey - Statistics

General Stats
  • This quiz has been taken 2,094 times
    2,089 since last reset
  • The average score is 31 of 100
Answer Stats
Rank Population City % Correct
1 11,174,000 Istanbul
99%
2 3,517,000 Ankara
98%
3 2,501,000 Izmir
94%
8 758,000 Antalya
87%
4 1,413,000 Bursa
84%
5 1,249,000 Adana
80%
7 876,000 Konya
78%
6 1,066,000 Gaziantep
75%
31 244,000 Trabzon
71%
19 394,000 Samsun
66%
22 372,000 Van
66%
53 126,000 Edirne
65%
13 538,000 Mersin
65%
9 645,000 Diyarbakir
60%
10 593,000 Kayseri
58%
20 382,000 Batman
57%
14 515,000 Eskisehir
56%
18 421,000 Erzurum
53%
15 450,000 Sanliurfa
52%
24 313,000 Denizli
50%
39 197,000 Izmit
49%
29 264,000 Sivas
48%
73 93,000 Rize
46%
54 122,000 Tekirdag
46%
16 442,000 Malatya
44%
60 113,000 Alanya
42%
84 87,000 Çanakkale
42%
94 77,000 Kars
41%
21 376,000 Kahramanmaras
40%
44 163,000 Aydin
39%
33 238,000 Balikesir
38%
32 244,000 Manisa
38%
36 210,000 Antakya
37%
43 172,000 Isparta
37%
57 117,000 Ordu
37%
65 100,000 Zonguldak
36%
26 298,000 Elazig
35%
69 97,000 Bolu
34%
59 114,000 Erzincan
34%
37 203,000 Osmaniye
34%
38 203,000 Çorlu
31%
55 120,000 Karaman
31%
41 183,000 Çorum
30%
67 99,000 Giresun
30%
92 78,000 Hakkari
30%
40 185,000 Kütahya
30%
52 130,000 Tokat
29%
45 160,000 Iskenderun
28%
35 211,000 Kirikkale
28%
34 224,000 Adiyaman
26%
50 146,000 Afyonkarahisar
26%
48 152,000 Aksaray
26%
87 83,000 Mus
26%
77 91,000 Nigde
26%
47 153,000 Usak
26%
83 88,000 Yozgat
26%
75 92,000 Agri
25%
86 83,000 Amasya
25%
96 76,000 Igdir
25%
68 97,000 Karabük
25%
58 114,000 Siirt
24%
30 256,000 Tarsus
23%
27 287,000 Adapazari
22%
91 80,000 Bingöl
21%
71 94,000 Kirsehir
20%
78 91,000 Lüleburgaz
18%
62 108,000 Bandirma
16%
99 73,000 Tatvan
15%
70 96,000 Ceyhan
12%
90 81,000 Cizre
12%
51 134,000 Inegol
11%
56 119,000 Nazilli
11%
74 92,000 Eregli
10%
72 93,000 Polatli
10%
85 84,000 Çerkezköy
9%
66 99,000 Manavgat
9%
63 103,000 Turgutlu
9%
100 72,000 Yüksekova
8%
95 76,000 Midyat
7%
88 82,000 Nizip
7%
97 75,000 Silifke
7%
12 573,000 Umraniye
7%
93 78,000 Ünye
7%
76 92,000 Ercis
6%
89 82,000 Fatsa
6%
49 150,000 Kiziltepe
6%
42 175,000 Siverek
6%
46 154,000 Viransehir
6%
82 88,000 Kozan
5%
80 89,000 Nusaybin
5%
81 89,000 Salihli
5%
11 577,000 Bahçelievler
4%
64 101,000 Mustafakemalpasa
4%
23 362,000 Atasehir
3%
79 91,000 Körfez
3%
28 287,000 Sultanbeyli
3%
17 437,000 Sultangazi
3%
98 73,000 Belek
2%
25 300,000 Batikent
1%
61 111,000 Turhal
1%
No matching quizzes found
Score Distribution
Percent of People with Each Score
Percentile by Number Answered
Your Score History
You have not taken this quiz since the last reset